000 00323nam a22001337a 4500
008 170605b xxu||||| |||| 00| 0 eng d
020 _a0155055704
041 _aeng
080 _a93
100 _a18
101 _aSHH
245 _aA BRIEF HISTORY OF CHINESE AND JAPANESE VICILIZATIONS
_cSCHIROKAUER, C
942 _2udc
_cBK
999 _c15978
_d15978